[Event "POR-chT"]
[Site "Evora"]
[Date "2019.07.16"]
[Round "2.1"]
[White "Pazos Porta, Antonio"]
[Black "Ftacnik, Lubomir"]
[Result "1/2-1/2"]
[WhiteElo "2340"]
[BlackElo "2513"]
[PlyCount "70"]
[EventDate "2019.07.15"]
[EventType "team-tourn"]
[EventRounds "9"]
[EventCountry "POR"]
[SourceTitle "CBM 191 Extra"]
[Source "ChessBase"]
[SourceDate "2019.09.30"]
[SourceVersion "1"]
[SourceVersionDate "2019.09.30"]
[SourceQuality "1"]
[WhiteTeam "O Amanha da Crianca"]
[BlackTeam "Gaia"]
[WhiteTeamCountry "POR"]
[BlackTeamCountry "POR"]

1. e4 c5 2. Nf3 d6 3. Nc3 Nf6 4. Bb5+ Nbd7 5. e5 dxe5 6. Nxe5 a6 7. Nxd7 Bxd7 8. Bxd7+ Qxd7 9. d3 e6 10. 0-0 Be7 11. Bg5 0-0 12. Qf3 Rac8 13. Ne4 Nd5 14. Bxe7 Qxe7 15. Rfd1 Rfd8 16. Rd2 b5 17. Rad1 b4 18. Ng3 Qc7 19. Qg4 Qe5 20. Rb1 Qd4 21. Qf3 a5 22. Re2 Nf6 23. Ne4 c4 24. Nxf6+ Qxf6 25. Qxf6 gxf6 26. dxc4 Rxc4 27. Kf1 Rdc8 28. Rc1 Kg7 29. Ke1 f5 30. b3 R4c5 31. Kd1 Kf6 32. a3 e5 33. axb4 axb4 34. Ra1 e4 35. Ra4 Rb8 1/2-1/2

[Event "POR-chT"]
[Site "Evora"]
[Date "2019.07.16"]
[Round "3.1"]
[White "Spraggett, Kevin"]
[Black "Pazos Porta, Antonio"]
[Result "1/2-1/2"]
[WhiteElo "2511"]
[BlackElo "2340"]
[PlyCount "65"]
[EventDate "2019.07.15"]
[EventType "team-tourn"]
[EventRounds "9"]
[EventCountry "POR"]
[SourceTitle "CBM 191 Extra"]
[Source "ChessBase"]
[SourceDate "2019.09.30"]
[SourceVersion "1"]
[SourceVersionDate "2019.09.30"]
[SourceQuality "1"]
[WhiteTeam "Portugal/Atlantidiagonal"]
[BlackTeam "O Amanha da Crianca"]
[WhiteTeamCountry "POR"]
[BlackTeamCountry "POR"]

1. d4 Nf6 2. Nf3 g6 3. c4 Bg7 4. g3 0-0 5. Bg2 d6 6. 0-0 Bf5 7. b3 Qc8 8. Bb2 Bh3 9. Nc3 Bxg2 10. Kxg2 c5 11. e4 cxd4 12. Nxd4 Nc6 13. f3 Rd8 14. Rc1 Nxd4 15. Qxd4 e6 16. Qd2 a6 17. Nd1 Qb8 18. Qg5 h6 19. Qd2 b5 20. Bxf6 Bxf6 21. Qxh6 bxc4 22. bxc4 Qb4 23. Rc2 Rac8 24. Qc1 Rc6 25. Ne3 Bd4 26. Rd1 Bxe3 27. Qxe3 Rxc4 28. Rcd2 Qc5 29. Qf4 Rc2 30. h4 Rb8 31. Rxc2 Qxc2+ 32. Rd2 Qc1 33. Rxd6 1/2-1/2

[Event "POR-chT"]
[Site "Evora"]
[Date "2019.07.15"]
[Round "1.1"]
[White "Silva, Miguel Antonio Neto"]
[Black "Pazos Porta, Antonio"]
[Result "1/2-1/2"]
[WhiteElo "2250"]
[BlackElo "2340"]
[PlyCount "77"]
[EventDate "2019.07.15"]
[EventType "team-tourn"]
[EventRounds "9"]
[EventCountry "POR"]
[SourceTitle "CBM 191 Extra"]
[Source "ChessBase"]
[SourceDate "2019.09.30"]
[SourceVersion "1"]
[SourceVersionDate "2019.09.30"]
[SourceQuality "1"]
[WhiteTeam "Porto A Ex"]
[BlackTeam "O Amanha da Crianca"]
[WhiteTeamCountry "POR"]
[BlackTeamCountry "POR"]

1. d4 Nf6 2. c4 g6 3. g3 Bg7 4. Bg2 0-0 5. Nc3 d6 6. Nf3 Nc6 7. 0-0 a6 8. b3 Rb8 9. d5 Na5 10. Bg5 c5 11. dxc6 bxc6 12. c5 h6 13. Bd2 d5 14. Bf4 Rb4 15. Qd2 Nb7 16. Na4 Rxa4 17. bxa4 Ne4 18. Qe3 Bxa1 19. Rxa1 g5 20. Be5 f6 21. Bb2 e5 22. Ne1 Bf5 23. f4 Qe7 24. Nd3 d4 25. Qc1 Re8 26. fxe5 fxe5 27. Qc4+ Kh7 28. Rf1 Nd2 29. Qxa6 Nxf1 30. Bxf1 Nxc5 31. Qxc6 Rc8 32. Qf3 Rf8 33. Nxc5 e4 34. Qa3 d3 35. Nb3 Qxa3 36. Bxa3 Ra8 37. exd3 exd3 38. a5 d2 39. Nxd2 1/2-1/2

[Event "Ourense Campus 6th"]
[Site "Ourense"]
[Date "2019.07.04"]
[Round "6"]
[White "Villar Perez, Samuel"]
[Black "Pazos Porta, Antonio"]
[Result "0-1"]
[WhiteElo "2179"]
[BlackElo "2340"]
[PlyCount "73"]
[EventDate "2019.07.01"]
[EventType "swiss"]
[EventRounds "9"]
[EventCountry "ESP"]
[SourceTitle "EXT 2024"]
[Source "ChessBase"]
[SourceDate "2023.10.10"]
[SourceVersion "1"]
[SourceVersionDate "2023.10.10"]
[SourceQuality "1"]

1. d4 Nf6 2. Nf3 g6 3. c4 Bg7 4. Nc3 0-0 5. e4 d6 6. Be2 Nbd7 7. 0-0 e5 8. Be3 Ng4 9. Bg5 f6 10. Bh4 Nh6 11. b4 g5 12. Bg3 a5 13. bxa5 g4 14. Nh4 exd4 15. Nd5 Nc5 16. Nf5 Bxf5 17. exf5 c6 18. Nf4 Nxf5 19. Nh5 Nxg3 20. fxg3 f5 21. Nxg7 Kxg7 22. Qxd4+ Qf6 23. Qd2 Ne4 24. Qe3 Qe5 25. Rab1 Rf7 26. Bd3 Qc5 27. Qxc5 Nxc5 28. Bxf5 Rxa5 29. Bxg4 Rxa2 30. Rfd1 Rff2 31. Bf3 Rfc2 32. Re1 Rxc4 33. Re7+ Kg6 34. h4 Rca4 35. Re8 Ra1 36. Rxa1 Rxa1+ 37. Kf2 0-1

[Event "Galego-ch Women and Seniors"]
[Site "Padron"]
[Date "2019.04.15"]
[Round "3.2"]
[White "Pazos Porta, Antonio"]
[Black "Pena Varela, Martin"]
[Result "1/2-1/2"]
[WhiteElo "2349"]
[BlackElo "1826"]
[PlyCount "159"]
[EventDate "2019.04.14"]
[EventType "swiss"]
[EventRounds "8"]
[EventCountry "ESP"]
[SourceTitle "EXT 2024"]
[Source "ChessBase"]
[SourceDate "2023.10.10"]
[SourceVersion "1"]
[SourceVersionDate "2023.10.10"]
[SourceQuality "1"]

1. e4 e6 2. d4 d5 3. Nc3 dxe4 4. Nxe4 Bd7 5. Nf3 Bc6 6. Bd3 Be7 7. 0-0 Nf6 8. Ned2 0-0 9. c3 Bxf3 10. Nxf3 c5 11. dxc5 Bxc5 12. Bg5 Nbd7 13. Qc2 Qc7 14. Rad1 h6 15. Bh4 Nh5 16. b4 Bd6 17. Bh7+ Kh8 18. Qd3 Ne5 19. Qxd6 Qxd6 20. Rxd6 Nxf3+ 21. gxf3 Kxh7 22. Rd7 b6 23. c4 Rac8 24. Be7 Rfe8 25. c5 bxc5 26. bxc5 Nf4 27. Bd6 Nd3 28. Rxf7 Nxc5 29. Rxa7 Red8 30. Be5 Rd7 31. Ra5 Nd3 32. Bg3 Rc2 33. Kg2 Nb2 34. Ra6 Nc4 35. Ra1 e5 36. a4 Rd5 37. Re1 Ra2 38. Re4 Rd4 39. Ra7 Kg6 40. Ra6+ Kf5 41. Re1 h5 42. h4 g5 43. Bxe5 Nxe5 44. Ra5 gxh4 45. Rexe5+ Kf6 46. Rf5+ Kg6 47. Rg5+ Kf6 48. Rxh5 Raxa4 49. Rh6+ Kg7 50. Rah5 Rf4 51. Rh7+ Kg6 52. R5h6+ Kg5 53. Re6 Ra5 54. Rg7+ Kh5 55. Rh7+ Kg5 56. Rhh6 Raa4 57. Reg6+ Kf5 58. Rb6 Kg5 59. Rbg6+ Kf5 60. Rg8 Rab4 61. Ra8 Kg5 62. Rc6 Rb5 63. Re8 Kh5 64. Rh8+ Kg5 65. Re6 Ra5 66. Re4 Raf5 67. Re3 Kg6 68. Rhe8 Kh5 69. Rh8+ Kg6 70. Rg8+ Kh5 71. Rh8+ Kg6 72. Ra3 Kg7 73. Re8 Kf7 74. Re4 Kg6 75. Ra6+ Kh5 76. Raa4 h3+ 77. Kh2 Rxf3 78. Rh4+ Kg5 79. Rhg4+ Kh5 80. Rh4+ 1/2-1/2

[Event "Galego-ch Women and Seniors"]
[Site "Padron"]
[Date "2019.04.14"]
[Round "1.3"]
[White "Pazos Porta, Antonio"]
[Black "Fernandez Rozas, Javier"]
[Result "1-0"]
[WhiteElo "2349"]
[BlackElo "1682"]
[PlyCount "75"]
[EventDate "2019.04.14"]
[EventType "swiss"]
[EventRounds "8"]
[EventCountry "ESP"]
[SourceTitle "EXT 2024"]
[Source "ChessBase"]
[SourceDate "2023.10.10"]
[SourceVersion "1"]
[SourceVersionDate "2023.10.10"]
[SourceQuality "1"]

1. e4 e6 2. d4 d5 3. Nc3 Nf6 4. Bg5 Be7 5. e5 Nfd7 6. Bxe7 Qxe7 7. f4 c5 8. Nb5 0-0 9. Nc7 Nxe5 10. Nxa8 Ng6 11. Qd2 b6 12. Nf3 Bb7 13. Nxb6 axb6 14. Bb5 Nc6 15. 0-0 Na7 16. Bd3 Nc8 17. c3 Nd6 18. a4 Ra8 19. Qe3 c4 20. Bc2 Qd7 21. Ne5 Nxe5 22. dxe5 Nf5 23. Bxf5 exf5 24. Qxb6 h6 25. a5 Ra6 26. Qd4 Qb5 27. h3 h5 28. Kh2 Bc8 29. Rfd1 Be6 30. Rdb1 Rxa5 31. b4 Ra4 32. Rxa4 Qxa4 33. b5 Qc2 34. Rb4 Qc1 35. b6 h4 36. b7 Qe1 37. b8Q+ Kh7 38. Rb1 1-0